| 000 | 01130nam a2200313 c 4500 | ||
|---|---|---|---|
| 003 | BLK | ||
| 005 | 20191114152123.0 | ||
| 008 | 180412b bul|||||r ||||||| ||bul|| | ||
| 010 | _aKNG00007376000 | ||
| 020 |
_a954-8009-47-1 _bиздат.: Гарант-21 |
||
| 040 | _aBLK | ||
| 041 |
_aBUL _cBUL |
||
| 080 |
_aАнглийска литература _b821.111 _x-312.4 _z821.111-312.4 |
||
| 100 | 1 |
_aЧейс, Джеймс Хадли _eпърви автор _9241644 |
|
| 700 | 1 |
_aЛаптев, Веселин _eпрев. от англ. _9242816 |
|
| 139 |
_aЧейс, Джеймс Хадли _bЧ 49 |
||
| 245 | 1 | 0 |
_aВнимавай с жените... _bКримин. роман _cДжеймс Хадли Чейс; прев. от англ. Веселин Лаптев. |
| 250 | _a2. изд. | ||
| 257 | _aGBR | ||
| 260 |
_аСофия _bГарант-21 _c1993 _fВраца : Полипринт |
||
| 300 |
_a224 с. _c21 см |
||
| 380 | _aX | ||
| 500 | _a5 000 тир. | ||
| 852 | _aЦб 182816 | ||
| 856 | 4 |
_qpdf _u |
|
| 856 | 4 |
_qpdf _u |
|
| 942 |
_cKNG _n0 _01 |
||
| 944 |
_aCR _c15.01.2003 _kГеновева_Генчева |
||
| 944 |
_aED _c13.04.2005 _k |
||
| 999 |
_c6152 _d6152 |
||